Základy empirického výzkumu pedagogických jevů

Guardado en:
Detalles Bibliográficos
Autor principal: Pelikán, Jiří
Formato: Libro
Lenguaje:checo
Publicado: Praha Univerzita Karlova v Praze. Nakladatelství Karolinum 2011
Edición:2. nezměn. vyd.
Materias:
Etiquetas: Agregar Etiqueta
Sin Etiquetas, Sea el primero en etiquetar este registro!

MARC

LEADER 00000nam a2200000 4500
001 0225223
005 20240313090625.3
020 |a 978-80-246-1916-3 
041 0 |a cze 
044 |a CZ 
245 1 0 |a Základy empirického výzkumu pedagogických jevů  |c Jiří Pelikán 
250 |a 2. nezměn. vyd. 
264 1 |a Praha  |b Univerzita Karlova v Praze. Nakladatelství Karolinum  |c 2011 
300 |a 270 s. 
610 2 0 |a pedagogika 
610 2 0 |a výskum vedecký 
610 2 0 |a modelovanie 
610 2 0 |a hypotézy 
610 2 0 |a projekty 
610 2 0 |a metódy výskumu 
610 2 0 |a analýzy 
610 2 0 |a dotazníky 
610 2 0 |a ankety 
610 2 0 |a testy psychologické 
610 2 0 |a testy didaktické 
610 2 0 |a spracovanie dát 
610 2 0 |a správy výskumné 
100 1 |a Pelikán, Jiří